[Event "Turkey Cup 2019"]
[Site "Belek"]
[Date "2019.01.30"]
[Round "5.33"]
[White "Demircin, Kasim"]
[Black "Akcun, Fayik"]
[Result "1-0"]
[WhiteElo "1878"]
[BlackElo "1614"]
[Annotator "NA RC"]
[PlyCount "113"]
[EventDate "2019.01.27"]
[EventType "swiss"]
[EventCountry "TUR"]
[SourceTitle "playchess.com"]
[Source "ChessBase"]
[SourceQuality "1"]

1. Nf3 Nf6 2. g3 g6 3. Bg2 Bg7 4. O-O O-O 5. c4 c5 6. Nc3 Nc6 7. d4 cxd4 8. Nxd4 Nxd4 9. Qxd4 d6 10. Qd3 Rb8 11. e4 Be6 12. b3 Qc8 13. Re1 Bh3 14. Bh1 a6 15. Be3 b6 16. Rac1 Ng4 17. Nd5 Qd8 18. Bg5 Ne5 19. Qe2 Rb7 20. Red1 Bg4 21. f3 Be6 22. c5 Bxd5 23. Rxd5 bxc5 24. Qxa6 Qb8 25. Be3 Ra7 26. Qe2 Nc6 27. Rd2 Nd4 28. Qf2 Qb6 29. f4 Ra3 30. h4 Rfa8 31. e5 Rf8 32. Bxd4 cxd4 33. Rc6 Qb8 34. f5 Bxe5 35. Bd5 Ra5 36. Bc4 d5 37. Bd3 Ra7 38. Kg2 Rc7 39. Rxc7 Qxc7 40. Rc2 Qd6 41. Qf3 Rd8 42. Rf2 Rd7 43. h5 Qf6 44. fxg6 Qxf3+ 45. Rxf3 hxg6 46. hxg6 f6 47. a4 Rc7 48. a5 Rc3 49. b4 Bc7 50. a6 Rb3 51. b5 Kg7 52. Kh3 Bb8 53. Kg4 Ba7 54. Kf5 Rc3 55. g4 Rc7 56. g5 fxg5 57. Kxg5 1-0

[Event "Turkey Cup 2019"]
[Site "Belek"]
[Date "2019.01.30"]
[Round "5.34"]
[White "Hatipli, Mehmet"]
[Black "Yucesoy, Atil"]
[Result "0-1"]
[WhiteElo "1888"]
[BlackElo "1685"]
[Annotator "NA RC"]
[PlyCount "92"]
[EventDate "2019.01.27"]
[EventType "swiss"]
[EventCountry "TUR"]
[SourceTitle "playchess.com"]
[Source "ChessBase"]
[SourceQuality "1"]

1. Nf3 Nf6 2. d4 d5 3. c4 c6 4. g3 dxc4 5. Bg2 g6 6. O-O Bg7 7. Na3 O-O 8. Nxc4 Be6 9. Ne3 Nd5 10. Ng5 Nxe3 11. Bxe3 Bd5 12. f3 Qb6 13. Qd2 Rd8 14. Rfd1 Na6 15. Bf2 h6 16. Nh3 c5 17. e4 Bc6 18. d5 e6 19. Nf4 g5 20. Nh5 exd5 21. Nxg7 Kxg7 22. f4 dxe4 23. Qc3+ f6 24. fxg5 hxg5 25. Be3 Qb4 26. Qc2 Rd3 27. Qf2 Rad8 28. Rf1 R8d6 29. h4 gxh4 30. gxh4 Rxe3 31. Qxe3 Qd4 32. Rae1 Nb4 33. Kh2 Qe5+ 34. Qg3+ Qxg3+ 35. Kxg3 Nc2 36. Rxe4 Bxe4 37. Bxe4 Nd4 38. Rf2 b6 39. Kf4 f5 40. Bxf5 Nxf5 41. Ke5 Ng3 42. Kxd6 Ne4+ 43. Kc6 Nxf2 44. Kb7 Nd3 45. b3 b5 46. Kxa7 c4 0-1

[Event "Turkey Cup 2019"]
[Site "Belek"]
[Date "2019.01.30"]
[Round "5.35"]
[White "Kiraz, Yigit"]
[Black "Yaylali, Adnan Dogan"]
[Result "1-0"]
[WhiteElo "1673"]
[BlackElo "1927"]
[Annotator "NA RC"]
[PlyCount "65"]
[EventDate "2019.01.27"]
[EventType "swiss"]
[EventCountry "TUR"]
[SourceTitle "playchess.com"]
[Source "ChessBase"]
[SourceQuality "1"]

1. e4 g6 2. d4 Bg7 3. Nf3 d6 4. Nc3 a6 5. Be2 b5 6. a4 b4 7. Nd5 a5 8. c3 e6 9. Ne3 Bb7 10. Bd3 Na6 11. Nc4 Bxe4 12. Bxe4 d5 13. Qe2 dxe4 14. Qxe4 Qd5 15. Qxd5 exd5 16. Nxa5 bxc3 17. bxc3 Nc5 18. Nc6 Nb3 19. Rb1 Nxc1 20. Rxc1 Rxa4 21. Rb1 f6 22. O-O Kd7 23. Nb4 Ne7 24. Nd3 Ra3 25. Nc5+ Kc6 26. Rfe1 Nf5 27. Re6+ Nd6 28. Ne1 Re8 29. Nc2 Ra7 30. Rxe8 Nxe8 31. Rb8 Bf8 32. Nb4+ Kd6 33. Rd8+ 1-0

[Event "Turkey Cup 2019"]
[Site "Belek"]
[Date "2019.01.30"]
[Round "5.36"]
[White "Yenil, Mucahit"]
[Black "Karadeniz, Ali Emre"]
[Result "0-1"]
[WhiteElo "1714"]
[BlackElo "2257"]
[Annotator "TA"]
[PlyCount "94"]
[EventDate "2019.01.27"]
[EventType "swiss"]
[EventCountry "TUR"]
[SourceTitle "playchess.com"]
[Source "ChessBase"]
[SourceQuality "1"]

1. e4 e6 2. b3 d5 3. Bb2 c5 4. exd5 exd5 5. d4 Nf6 6. Nf3 Nc6 7. Bd3 Bg4 8. dxc5 Qe7+ 9. Be2 Bxf3 10. gxf3 O-O-O 11. Qd3 Nb4 12. Qf5+ Qe6 13. Qxe6+ fxe6 14. Kd2 Bxc5 15. a3 Nc6 16. Rg1 Rd7 17. Rxg7 Rxg7 18. Bxf6 Rhg8 19. Bxg7 Rxg7 20. Nc3 Rg2 21. f4 Nd4 22. Kd3 Nxe2 23. Nxe2 Rxh2 24. Rg1 Kd7 25. Rg7+ Kc6 26. f5 exf5 27. f4 Rh3+ 28. Rg3 Rxg3+ 29. Nxg3 Bxa3 30. Nxf5 Bd6 31. Ke3 Bc5+ 32. Kf3 a5 33. Ke2 b5 34. Kd3 h5 35. Nh6 h4 36. Ng4 h3 37. f5 Bg1 38. f6 Kd6 39. c4 dxc4+ 40. bxc4 h2 41. Nxh2 Bxh2 42. f7 Ke7 43. cxb5 Bc7 44. Kc4 Kxf7 45. Kd5 Bd8 46. Kc5 Ke6 47. Kc6 a4 0-1

[Event "Turkey Cup 2019"]
[Site "Belek"]
[Date "2019.01.30"]
[Round "5.37"]
[White "Selvi, Kaan"]
[Black "Metin, Mehmet"]
[Result "0-1"]
[WhiteElo "1854"]
[BlackElo "2197"]
[Annotator "NA RC"]
[PlyCount "60"]
[EventDate "2019.01.27"]
[EventType "swiss"]
[EventCountry "TUR"]
[SourceTitle "playchess.com"]
[Source "ChessBase"]
[SourceQuality "1"]

1. e4 c5 2. Nf3 Nc6 3. d4 cxd4 4. Nxd4 g6 5. Nc3 Bg7 6. Be3 Nf6 7. Bc4 O-O 8. Bb3 a5 9. f3 d5 10. Bxd5 Nxd5 11. Nxd5 f5 12. Nxc6 bxc6 13. Nb6 Rb8 14. Qxd8 Rxd8 15. Rd1 Rxd1+ 16. Kxd1 fxe4 17. Nxc8 Rxc8 18. b3 exf3 19. gxf3 a4 20. b4 Bc3 21. Bc5 Rd8+ 22. Kc1 Kf7 23. h4 a3 24. b5 Rd5 25. Bxa3 Bd2+ 26. Kd1 Bb4+ 27. Ke2 Bxa3 28. c4 Re5+ 29. Kd3 cxb5 30. Kd4 Bb2+ 0-1

[Event "Turkey Cup 2019"]
[Site "Belek"]
[Date "2019.01.30"]
[Round "5.38"]
[White "Cam, Vedat"]
[Black "Kul, Ozdemir Efe"]
[Result "0-1"]
[WhiteElo "1882"]
[BlackElo "1998"]
[Annotator "NA RC"]
[PlyCount "78"]
[EventDate "2019.01.27"]
[EventType "swiss"]
[EventCountry "TUR"]
[SourceTitle "playchess.com"]
[Source "ChessBase"]
[SourceQuality "1"]

1. d4 Nf6 2. c4 g6 3. Nc3 Bg7 4. e4 d6 5. Bd3 Nc6 6. Nge2 Nd7 7. Be3 e5 8. d5 Nd4 9. Bxd4 exd4 10. Nb5 O-O 11. Nbxd4 Re8 12. O-O Ne5 13. Rb1 c5 14. Nc2 b5 15. b3 Qa5 16. Ne3 bxc4 17. Bxc4 Qxa2 18. Ra1 Qb2 19. Rb1 Qa3 20. Bb5 Re7 21. f4 Qb4 22. Nc4 Qxb5 23. Nxd6 Qa6 24. fxe5 Bg4 25. Nc4 Bxe5 26. Rf3 Bxf3 27. gxf3 Qf6 28. Qd3 Rd8 29. Qe3 Rxd5 30. exd5 Bxh2+ 31. Kxh2 Rxe3 32. Nxe3 Qe5+ 33. Ng3 Qxe3 34. Rd1 Qxf3 35. Rd2 Qf4 36. Rd3 h5 37. Kg2 h4 38. Rf3 Qd2+ 39. Kh3 Qxd5 0-1

[Event "Turkey Cup 2019"]
[Site "Belek"]
[Date "2019.01.30"]
[Round "5.39"]
[White "Demir, Zeki"]
[Black "Demir, Bilal"]
[Result "1/2-1/2"]
[WhiteElo "1805"]
[BlackElo "2094"]
[Annotator "NA RC"]
[PlyCount "116"]
[EventDate "2019.01.27"]
[EventType "swiss"]
[EventCountry "TUR"]
[SourceTitle "playchess.com"]
[Source "ChessBase"]
[SourceQuality "1"]

1. d4 d5 2. c4 c6 3. Nf3 Nf6 4. Nc3 dxc4 5. a4 Bf5 6. Ne5 Nbd7 7. Nxc4 Qc7 8. g3 e5 9. dxe5 Nxe5 10. Bf4 Nfd7 11. Bg2 g5 12. Ne3 gxf4 13. Nxf5 O-O-O 14. O-O Nf6 15. Qc2 Bb4 16. Rfc1 Kb8 17. Ne4 Nd5 18. Nc5 h5 19. Qb3 a5 20. Nd4 Qb6 21. Qc2 Ka7 22. Ndb3 h4 23. Qf5 Qc7 24. Bxd5 Rxd5 25. Qxf4 hxg3 26. hxg3 Qe7 27. Qe3 b6 28. Nd3 Nxd3 29. Qxe7+ Bxe7 30. exd3 Rxd3 31. Rxc6 Bb4 32. Nxa5 bxa5 33. Rc7+ Kb6 34. Rac1 Rh6 35. Rxf7 Rd2 36. Rcc7 Rxb2 37. Rb7+ Kc6 38. Rb5 Rd6 39. Rbf5 Bc5 40. Kg2 Rb4 41. f3 Rxa4 42. g4 Rd2+ 43. Kg3 Raa2 44. g5 Rh2 45. R5f6+ Bd6+ 46. Kg4 Rag2+ 47. Kf5 Rh5 48. f4 Kd5 49. Rd7 a4 50. Rfxd6+ Kc5 51. Kg6 Rh4 52. f5 Rhg4 53. Rd5+ Kc6 54. f6 Rxg5+ 55. Rxg5 Rxg5+ 56. Kxg5 Kxd7 57. Kg6 a3 58. f7 a2 1/2-1/2

[Event "Turkey Cup 2019"]
[Site "Belek"]
[Date "2019.01.30"]
[Round "5.40"]
[White "Caglar, Ahmet Ata"]
[Black "Isik, Kadri"]
[Result "1-0"]
[WhiteElo "2093"]
[BlackElo "1820"]
[Annotator "NA RC"]
[PlyCount "109"]
[EventDate "2019.01.27"]
[EventType "swiss"]
[EventCountry "TUR"]
[SourceTitle "playchess.com"]
[Source "ChessBase"]
[SourceQuality "1"]

1. Nf3 Nf6 2. d4 e6 3. c4 b6 4. Nc3 Bb4 5. e3 c5 6. Bd2 cxd4 7. exd4 O-O 8. Bd3 Bb7 9. O-O Nc6 10. a3 Bxc3 11. Bxc3 d5 12. Rc1 dxc4 13. Bxc4 Nd5 14. Bd2 h6 15. Qe2 Qd6 16. Rfd1 Rfd8 17. Ba2 Nf6 18. Be3 Rac8 19. h3 Ne7 20. Ne5 Rxc1 21. Rxc1 Nf5 22. Qc2 Nd5 23. Bb1 Ndxe3 24. fxe3 Rc8 25. Qxc8+ Bxc8 26. Rxc8+ Kh7 27. Bxf5+ g6 28. Bd3 Kg7 29. Rc6 Qe7 30. Kh2 h5 31. Rc1 Qd6 32. Kg1 g5 33. Rc6 Qd8 34. Be2 f6 35. Nd3 Qd7 36. Rc1 Kg6 37. Rd1 Qd6 38. Nf2 Qg3 39. e4 Qe3 40. Kf1 Qb3 41. d5 exd5 42. exd5 Kf7 43. d6 Ke8 44. Bxh5+ Kd8 45. Bg4 Qxb2 46. d7 Qb3 47. Kg1 Qe3 48. a4 a6 49. Kf1 Qc5 50. Be2 b5 51. axb5 axb5 52. Ne4 Qe5 53. Bf3 b4 54. Nd6 Kxd7 55. Nc4+ 1-0

[Event "Turkey Cup 2019"]
[Site "Belek"]
[Date "2019.01.30"]
[Round "5.41"]
[White "Yigit, Ahmet Yasir"]
[Black "Kisadere, Kutay"]
[Result "1/2-1/2"]
[WhiteElo "2032"]
[BlackElo "1809"]
[Annotator "NA RC"]
[PlyCount "114"]
[EventDate "2019.01.27"]
[EventType "swiss"]
[EventCountry "TUR"]
[SourceTitle "playchess.com"]
[Source "ChessBase"]
[SourceQuality "1"]

1. Nf3 Nf6 2. d4 d5 3. c4 e6 4. g3 a6 5. Bg2 dxc4 6. O-O b5 7. Ne5 Nd5 8. a4 Bb7 9. b3 c3 10. axb5 axb5 11. Rxa8 Bxa8 12. e4 Nf6 13. Nxc3 b4 14. Na4 Be7 15. f3 Nc6 16. Nxc6 Bxc6 17. Be3 Bb5 18. Rf2 c5 19. Rd2 cxd4 20. Bxd4 Qb8 21. Bf1 O-O 22. Bxb5 Qxb5 23. Bf2 h6 24. Qc2 Qb7 25. Nb6 Rd8 26. Rxd8+ Bxd8 27. Qc8 Qxc8 28. Nxc8 Nd7 29. Na7 Bb6 30. Nc6 Bxf2+ 31. Kxf2 Nc5 32. Na5 e5 33. Ke3 f6 34. Kd2 Kf7 35. Kc2 Ne6 36. Nc6 Ng5 37. Nxb4 Nxf3 38. Nd3 Nxh2 39. b4 Nf3 40. Kc3 Nd4 41. Kc4 Ke6 42. b5 Kd6 43. Kb4 h5 44. b6 g5 45. Ka5 h4 46. gxh4 gxh4 47. Nf2 Nb3+ 48. Ka6 Nc5+ 49. Kb5 Nb7 50. Nh3 Kd7 51. Nf2 Nd6+ 52. Kc5 Nb7+ 53. Kd5 Nd8 54. Ng4 Ke7 55. Nf2 Nb7 56. Kc6 Nd6 57. Kd5 Nc8 1/2-1/2

[Event "Turkey Cup 2019"]
[Site "Belek"]
[Date "2019.01.30"]
[Round "5.42"]
[White "Cilek, Bora"]
[Black "Atay, Sergen"]
[Result "1-0"]
[WhiteElo "1907"]
[BlackElo "1769"]
[Annotator "NA RC"]
[PlyCount "59"]
[EventDate "2019.01.27"]
[EventType "swiss"]
[EventCountry "TUR"]
[SourceTitle "playchess.com"]
[Source "ChessBase"]
[SourceQuality "1"]

1. d4 d5 2. Bf4 Nf6 3. e3 c5 4. c3 Nc6 5. Nd2 Bf5 6. Ngf3 Qb6 7. Nh4 Bd7 8. Qb3 c4 9. Qc2 h6 10. Nhf3 g6 11. e4 Nxe4 12. Nxe4 dxe4 13. Nd2 Na5 14. Nxc4 Nxc4 15. Bxc4 Bg7 16. Bb3 O-O 17. Qxe4 Bf5 18. Qe2 a5 19. O-O a4 20. Bc4 a3 21. b3 g5 22. Be5 e6 23. Rfd1 Rfc8 24. Rac1 Qa5 25. Bxg7 Kxg7 26. d5 b5 27. Bxb5 Rxc3 28. Qe5+ f6 29. Qxc3 Qxb5 30. d6 1-0

[Event "Turkey Cup 2019"]
[Site "Belek"]
[Date "2019.01.30"]
[Round "5.43"]
[White "Lale, Omer Faruk"]
[Black "Deniz, Medeni"]
[Result "0-1"]
[WhiteElo "1829"]
[BlackElo "1933"]
[Annotator "NA RC"]
[PlyCount "47"]
[EventDate "2019.01.27"]
[EventType "swiss"]
[EventCountry "TUR"]
[SourceTitle "playchess.com"]
[Source "ChessBase"]
[SourceQuality "1"]

1. e4 c6 2. d4 d5 3. Nc3 dxe4 4. Nxe4 g6 5. Bc4 Bg7 6. c3 Nf6 7. Nxf6+ exf6 8. Ne2 O-O 9. h4 h5 10. Be3 Nd7 11. Qd2 b5 12. Bb3 Nb6 13. Bh6 Re8 14. Bxg7 Kxg7 15. O-O-O a5 16. Rde1 a4 17. Bc2 Qd5 18. Nf4 Rxe1+ 19. Rxe1 Qxa2 20. Bxg6 fxg6 21. Re7+ Kg8 22. Re8+ Kf7 23. Qe3 Qa1+ 24. Kd2 0-1

[Event "Turkey Cup 2019"]
[Site "Belek"]
[Date "2019.01.30"]
[Round "5.44"]
[White "Demirag, Batuhan"]
[Black "Ozcan, Berk"]
[Result "1/2-1/2"]
[WhiteElo "1906"]
[BlackElo "1709"]
[Annotator "NA RC"]
[PlyCount "54"]
[EventDate "2019.01.27"]
[EventType "swiss"]
[EventCountry "TUR"]
[SourceTitle "playchess.com"]
[Source "ChessBase"]
[SourceQuality "1"]

1. Nf3 Nf6 2. c4 g6 3. b3 Bg7 4. Bb2 O-O 5. g3 d6 6. Bg2 e5 7. O-O c6 8. Nc3 Re8 9. e3 Nbd7 10. d4 e4 11. Ng5 d5 12. cxd5 cxd5 13. Nh3 Nf8 14. Nf4 Ne6 15. Nxe6 Bxe6 16. Rc1 Qd7 17. Qe2 Bg4 18. Qb5 Qxb5 19. Nxb5 Be2 20. Nc7 Bxf1 21. Bxf1 Bf8 22. Nxa8 Rxa8 23. Bh3 Bd6 24. Bc3 Kf8 25. Bd2 Ke7 26. a4 Nd7 27. a5 Rb8 1/2-1/2

[Event "Turkey Cup 2019"]
[Site "Belek"]
[Date "2019.01.30"]
[Round "5.45"]
[White "Ertekin, Ramazan"]
[Black "Gazioglu, Halit"]
[Result "0-1"]
[WhiteElo "1738"]
[BlackElo "1909"]
[Annotator "NA RC"]
[PlyCount "76"]
[EventDate "2019.01.27"]
[EventType "swiss"]
[EventCountry "TUR"]
[SourceTitle "playchess.com"]
[Source "ChessBase"]
[SourceQuality "1"]

1. e4 e5 2. Nf3 Nc6 3. d4 exd4 4. Nxd4 Bc5 5. Be3 Qf6 6. c3 Nge7 7. Bc4 O-O 8. O-O Ne5 9. Be2 d6 10. Nd2 a6 11. Kh1 b5 12. N2b3 Bb6 13. Qc1 h6 14. f3 Bd7 15. f4 Ng4 16. Bg1 h5 17. h3 Qh6 18. f5 Qxc1 19. Raxc1 Nf6 20. Nd2 Rfe8 21. Rf4 c5 22. N4f3 Nxf5 23. Bh2 Nd5 24. exd5 Rxe2 25. Re4 Re8 26. Re1 R8xe4 27. Nxe4 Rxb2 28. Nxd6 Nxd6 29. Bxd6 f6 30. Re7 Bf5 31. Nh4 Bd3 32. Rb7 Ba5 33. Bxc5 Be4 34. Rb8+ Kh7 35. d6 Rd2 36. Bd4 b4 37. d7 Rd1+ 38. Bg1 bxc3 0-1

[Event "Turkey Cup 2019"]
[Site "Belek"]
[Date "2019.01.30"]
[Round "5.46"]
[White "Ekinci, Berkay"]
[Black "Ozveren, Ali Bulent"]
[Result "0-1"]
[WhiteElo "1688"]
[BlackElo "1906"]
[Annotator "NA RC"]
[PlyCount "78"]
[EventDate "2019.01.27"]
[EventType "swiss"]
[EventCountry "TUR"]
[SourceTitle "playchess.com"]
[Source "ChessBase"]
[SourceQuality "1"]

1. d4 g6 2. c4 Bg7 3. Nc3 d6 4. e4 Nc6 5. Be3 e5 6. d5 Nce7 7. Qd2 f5 8. f3 Nf6 9. O-O-O O-O 10. Bd3 a6 11. c5 Kh8 12. Kb1 f4 13. Bf2 Nd7 14. cxd6 cxd6 15. g3 b5 16. gxf4 exf4 17. Nge2 Ne5 18. Nd4 Rb8 19. Nce2 Bh6 20. h4 Rf6 21. Rhg1 Bd7 22. Rc1 a5 23. Nc3 Qe8 24. Qe2 b4 25. Nd1 a4 26. Be1 Bg7 27. h5 gxh5 28. Bh4 Rg6 29. Nf2 Rxg1 30. Rxg1 N7g6 31. Rh1 Nxd3 32. Qxd3 Qe5 33. Rd1 Nxh4 34. Qa6 Nxf3 35. Qa7 Rd8 36. Qc7 Bf6 37. Qxd8+ Bxd8 38. Nxf3 Qf6 39. Re1 Bg4 0-1

[Event "Turkey Cup 2019"]
[Site "Belek"]
[Date "2019.01.30"]
[Round "5.47"]
[White "Gungor, Cihan Akif"]
[Black "Karakurt, Fahri"]
[Result "0-1"]
[WhiteElo "1588"]
[BlackElo "1914"]
[Annotator "NA RC"]
[PlyCount "52"]
[EventDate "2019.01.27"]
[EventType "swiss"]
[EventCountry "TUR"]
[SourceTitle "playchess.com"]
[Source "ChessBase"]
[SourceQuality "1"]

1. e4 e5 2. d4 exd4 3. Nf3 Nc6 4. Bc4 Nf6 5. O-O Nxe4 6. Re1 d5 7. Bxd5 Qxd5 8. Nc3 Qh5 9. Nxe4 Be6 10. Bg5 Bb4 11. c3 dxc3 12. bxc3 Ba5 13. Nc5 O-O 14. Qc2 Bg4 15. Be3 Bxf3 16. gxf3 Ne5 17. Rec1 Nxf3+ 18. Kg2 Qg4+ 19. Kf1 Nxh2+ 20. Ke1 Rfe8 21. Nxb7 Bb6 22. Kd2 Bxe3+ 23. fxe3 Rad8+ 24. Nxd8 Rxd8+ 25. Ke1 Qg1+ 26. Ke2 Qg2+ 0-1

[Event "Turkey Cup 2019"]
[Site "Belek"]
[Date "2019.01.30"]
[Round "5.48"]
[White "Canbulan, Arda"]
[Black "Dinc, Melih"]
[Result "1-0"]
[WhiteElo "1884"]
[BlackElo "1729"]
[Annotator "NA RC"]
[PlyCount "79"]
[EventDate "2019.01.27"]
[EventType "swiss"]
[EventCountry "TUR"]
[SourceTitle "playchess.com"]
[Source "ChessBase"]
[SourceQuality "1"]

1. e4 c6 2. d4 d5 3. Nd2 dxe4 4. Nxe4 Nf6 5. Nxf6+ exf6 6. c3 Bd6 7. Bd3 Be6 8. Ne2 Qc7 9. Qc2 Nd7 10. c4 b6 11. Be3 g6 12. Nc3 Rc8 13. Qe2 Bb4 14. Rc1 O-O 15. O-O Bxc3 16. Rxc3 Qb8 17. Qf3 f5 18. Bf4 Qa8 19. Rd1 f6 20. Bc2 Bf7 21. Bh6 Rfd8 22. Bxf5 gxf5 23. Qxf5 Bg6 24. Qe6+ Kh8 25. Qe7 Rg8 26. Qxd7 Rcd8 27. Qe7 Rdf8 28. Bxf8 Rxf8 29. Re3 Kg8 30. Qe6+ Kg7 31. Qd7+ Rf7 32. Re7 Qf8 33. Rde1 Kg8 34. Qe6 Kg7 35. Rxf7+ Bxf7 36. Qe7 Qb8 37. Re3 Kg8 38. Rg3+ Bg6 39. Qxf6 Qe8 40. Re3 1-0

[Event "Turkey Cup 2019"]
[Site "Belek"]
[Date "2019.01.30"]
[Round "5.49"]
[White "Kavukcu, Mustafa"]
[Black "Akbas, Umut Ata"]
[Result "0-1"]
[WhiteElo "1729"]
[BlackElo "1939"]
[Annotator "NA RC"]
[PlyCount "62"]
[EventDate "2019.01.27"]
[EventType "swiss"]
[EventCountry "TUR"]
[SourceTitle "playchess.com"]
[Source "ChessBase"]
[SourceQuality "1"]

1. e4 c5 2. c3 g6 3. d4 cxd4 4. cxd4 d5 5. e5 Nc6 6. Nc3 Bg7 7. h3 f6 8. f4 Nh6 9. g4 fxe5 10. fxe5 O-O 11. Bg2 e6 12. Nf3 b5 13. O-O Qb6 14. a3 a5 15. Be3 Bd7 16. Qd2 Nf7 17. g5 a4 18. Nh2 Na5 19. Nxd5 exd5 20. Bxd5 Be6 21. Bxa8 Nc4 22. Qe2 Rxa8 23. Ng4 Bxg4 24. hxg4 Nfxe5 25. Qg2 Rd8 26. Bf2 Nd3 27. Qf3 Nxf2 28. Rxf2 Bxd4 29. Qf7+ Kh8 30. Raf1 Ne5 31. Qf4 Nd3 0-1

[Event "Turkey Cup 2019"]
[Site "Belek"]
[Date "2019.01.30"]
[Round "5.50"]
[White "Eldemir, Goksu"]
[Black "Cakmak, Sarven"]
[Result "1-0"]
[WhiteElo "1876"]
[BlackElo "1780"]
[Annotator "NA RC"]
[PlyCount "93"]
[EventDate "2019.01.27"]
[EventType "swiss"]
[EventCountry "TUR"]
[SourceTitle "playchess.com"]
[Source "ChessBase"]
[SourceQuality "1"]

1. e4 Nc6 2. Nc3 e5 3. g3 Nf6 4. Bg2 Bc5 5. Nge2 a6 6. O-O d6 7. Nd5 Bg4 8. c3 Qd7 9. d3 Nxd5 10. exd5 Ne7 11. b4 Ba7 12. Be3 O-O 13. Qd2 Bh3 14. c4 Bxg2 15. Kxg2 c6 16. dxc6 Qxc6+ 17. Kg1 d5 18. Bxa7 Rxa7 19. Qe3 Nc8 20. Qxe5 Re8 21. Qb2 dxc4 22. dxc4 Qxc4 23. Rac1 Qg4 24. Nf4 Ra8 25. Qd4 Na7 26. Qb6 Qf3 27. Rc7 Nb5 28. Qxb7 Qxb7 29. Rxb7 Nc3 30. a3 h6 31. Kg2 Reb8 32. Rxb8+ Rxb8 33. Rc1 Ne4 34. Rc6 a5 35. bxa5 Ra8 36. a6 Nf6 37. Nd3 Kf8 38. Nb4 Nd7 39. Nd5 g6 40. Rc7 Rxa6 41. Rxd7 Rxa3 42. Ne3 h5 43. h3 Rb3 44. Nc4 Ke8 45. Ra7 f5 46. Rg7 h4 47. Rxg6 1-0

[Event "Turkey Cup 2019"]
[Site "Belek"]
[Date "2019.01.30"]
[Round "5.52"]
[White "Iyiol, Mehmet"]
[Black "Uregen, Rafet"]
[Result "0-1"]
[WhiteElo "1892"]
[BlackElo "1633"]
[Annotator "NA RC"]
[PlyCount "130"]
[EventDate "2019.01.27"]
[EventType "swiss"]
[EventCountry "TUR"]
[SourceTitle "playchess.com"]
[Source "ChessBase"]
[SourceQuality "1"]

1. b3 Nf6 2. Bb2 g6 3. Bxf6 exf6 4. c4 f5 5. Nc3 Bg7 6. Rc1 d6 7. g3 O-O 8. Bg2 c6 9. Nh3 Nd7 10. Nf4 Re8 11. O-O Qf6 12. b4 Nf8 13. b5 Bd7 14. Qa4 Rec8 15. Nd3 Ne6 16. Nb4 Nc5 17. Qa5 Qe6 18. e3 Ne4 19. Nxe4 fxe4 20. d4 Qe8 21. bxc6 bxc6 22. c5 d5 23. Na6 Qe7 24. Rb1 Bg4 25. Rb2 Qd7 26. Rfb1 Bf6 27. Qd2 Bd8 28. Rb7 Qe6 29. a4 Qe8 30. Bf1 h5 31. h3 Bf5 32. Kh2 Kg7 33. Be2 Be6 34. Kg2 Bd7 35. a5 Be6 36. Bf1 Bf5 37. Qb4 Qe6 38. Kh2 Qf6 39. Qd2 Qe6 40. Ra1 Qf6 41. Ra2 Qe6 42. Qb4 Qe8 43. Rb2 Be6 44. Rb8 Raxb8 45. Nxb8 Bxa5 46. Qb7 Be1 47. Kg1 a5 48. Rb6 a4 49. Nxc6 a3 50. Ra6 a2 51. Ne5 Rb8 52. Qa7 Rb2 53. Rxa2 Bxf2+ 54. Kg2 Rxa2 55. Qxa2 Bxe3 56. Qb2 Qc8 57. Bb5 Bxh3+ 58. Kh2 f6 59. Nc6 h4 60. Qe2 hxg3+ 61. Kxg3 Bg5 62. Ne7 Qh8 63. Kf2 Qh4+ 64. Kg1 Qg3+ 65. Kh1 Bg4 0-1

[Event "Turkey Cup 2019"]
[Site "Belek"]
[Date "2019.01.30"]
[Round "5.53"]
[White "Sade, Defne"]
[Black "Ataer, Arda Burak"]
[Result "1-0"]
[WhiteElo "1952"]
[BlackElo "1628"]
[Annotator "NA RC"]
[PlyCount "151"]
[EventDate "2019.01.27"]
[EventType "swiss"]
[EventCountry "TUR"]
[SourceTitle "playchess.com"]
[Source "ChessBase"]
[SourceQuality "1"]

1. e4 c5 2. Nf3 d6 3. Bb5+ Bd7 4. Bxd7+ Qxd7 5. c4 Nf6 6. Nc3 g6 7. d4 cxd4 8. Nxd4 Bg7 9. f3 O-O 10. Be3 Nc6 11. O-O e6 12. Qd2 Rfd8 13. Rfd1 Nxd4 14. Bxd4 Qc6 15. Rac1 a6 16. b3 Ne8 17. Bxg7 Kxg7 18. Kh1 Rac8 19. g4 b5 20. cxb5 axb5 21. Nd5 Qa6 22. Qd4+ e5 23. Qd2 Rxc1 24. Rxc1 Rc8 25. Rxc8 Qxc8 26. Kg2 Qc5 27. a4 bxa4 28. bxa4 Nf6 29. Ne3 Nd7 30. a5 Nb8 31. h4 Nc6 32. h5 Nxa5 33. Nf5+ Kf8 34. Qg5 Qc7 35. hxg6 hxg6 36. Ne3 Nc6 37. Nd5 Qd8 38. Qh6+ Ke8 39. Qg7 Qg5 40. Qg8+ Kd7 41. Qxf7+ Ne7 42. Nf6+ Kc6 43. Qc4+ Kb7 44. Qb5+ Kc7 45. Qd7+ Kb6 46. Qxd6+ Nc6 47. Nd5+ Kb5 48. Nc3+ Kb6 49. Na4+ Kb5 50. Nc3+ Kb6 51. Nd5+ Kb5 52. Nc7+ Kb6 53. Ne6 Qe7 54. Qxe7 Nxe7 55. Kg3 Kc6 56. Kh4 Kd6 57. Nf8 Nc6 58. Nxg6 Nd4 59. Kg3 Ne2+ 60. Kf2 Nd4 61. Ke3 Ne6 62. Kf2 Nd4 63. Nh4 Ne6 64. Kg3 Ke7 65. Ng2 Kf6 66. Kh4 Ng5 67. Ne1 Kg6 68. Kg3 Kf6 69. Nc2 Ne6 70. Ne3 Ng5 71. Kf2 Ne6 72. Nc4 Ng5 73. Ke3 Ne6 74. Nb6 Ng5 75. Nd7+ Ke6 76. Nxe5 1-0

[Event "Turkey Cup 2019"]
[Site "Belek"]
[Date "2019.01.30"]
[Round "5.54"]
[White "Aydogdu, Selcan Ayberk"]
[Black "Demirtas, Hafize"]
[Result "1-0"]
[WhiteElo "1631"]
[BlackElo "1929"]
[Annotator "NA RC"]
[PlyCount "185"]
[EventDate "2019.01.27"]
[EventType "swiss"]
[EventCountry "TUR"]
[SourceTitle "playchess.com"]
[Source "ChessBase"]
[SourceQuality "1"]

1. d4 Nf6 2. c4 Nc6 3. Nc3 e6 4. a3 Be7 5. e4 d6 6. Nf3 O-O 7. Be2 a5 8. b3 Nd7 9. d5 Ncb8 10. Be3 e5 11. g4 Na6 12. b4 b6 13. h4 Bb7 14. b5 Nac5 15. a4 Bc8 16. Rg1 Kh8 17. Qc2 Nf6 18. Nd2 Ne8 19. Nf3 Bd7 20. Bxc5 bxc5 21. Nd1 Qc8 22. Ne3 Nf6 23. Nd2 Ng8 24. Rh1 Nh6 25. f3 Qd8 26. Ng2 g6 27. O-O-O f5 28. g5 Ng8 29. Rdf1 Kg7 30. Qc3 f4 31. Rfg1 h6 32. gxh6+ Kxh6 33. Nb3 Nf6 34. Nd2 Nh5 35. Nf1 Kg7 36. Qe1 Rh8 37. Rh2 Bf6 38. Qf2 Qe7 39. Rgh1 Be8 40. Qe1 Bf7 41. Qf2 Kf8 42. Ne1 Ke8 43. Nd3 Kd8 44. Qg2 Kc8 45. Nf2 Kb7 46. Ng4 Bg7 47. Qf2 Kb6 48. Bd1 Rh7 49. Kb1 Rah8 50. Be2 Qd8 51. Qe1 Bf8 52. Rh3 Be7 53. Nd2 Ng3 54. Nb3 Qa8 55. R1h2 g5 56. h5 Rxh5 57. Rxh5 Rxh5 58. Rxh5 Bxh5 59. Nh2 Bg6 60. Bf1 Nh5 61. Bh3 Nf6 62. Be6 Be8 63. Ng4 Nd7 64. Nh2 Nf8 65. Bg4 Bd7 66. Bh5 Nh7 67. Ng4 Nf6 68. Nxf6 Bxf6 69. Kc1 Kb7 70. Qxa5 Qxa5 71. Nxa5+ Kb6 72. Nb3 Bh3 73. a5+ Ka7 74. Kd2 Bf1 75. Kc3 Bd8 76. Bg4 Bf6 77. a6 c6 78. dxc6 Bd8 79. Na1 Ba5+ 80. Kb3 Bc7 81. Nc2 Bb8 82. Na3 Be2 83. Nb1 Bc7 84. Nd2 Ba5 85. Nb1 Bd1+ 86. Kb2 Be2 87. Nd2 Kb8 88. Bh3 Ka7 89. Kc2 Bc7 90. Bf1 Bxf1 91. Nxf1 Ba5 92. Nh2 Be1 93. c7 1-0